[Event "Commonwealth-ch U10 Girls"]
[Site "Delhi"]
[Date "2018.06.27"]
[Round "2.1"]
[White "Aaradhya, Chauhan"]
[Black "Sani, Deshpande"]
[Result "0-1"]
[WhiteElo "1685"]
[BlackElo "1109"]
[PlyCount "72"]
[EventDate "2018.06.26"]
[EventType "swiss"]
[EventRounds "7"]
[EventCountry "IND"]
[SourceTitle "EXT 2024"]
[Source "ChessBase"]
[SourceDate "2023.10.10"]
[SourceVersion "1"]
[SourceVersionDate "2023.10.10"]
[SourceQuality "1"]

1. e4 c5 2. Nf3 Nc6 3. d4 cxd4 4. Nxd4 Nf6 5. Nc3 e5 6. Ndb5 d6 7. Bg5 a6 8. Na3 b5 9. Nd5 Be7 10. Bxf6 Bxf6 11. Bxb5 axb5 12. Nxb5 0-0 13. Ndc7 Rb8 14. b3 Nd4 15. Nxd4 exd4 16. Nd5 Re8 17. Nxf6+ Qxf6 18. f3 Ba6 19. g3 d5 20. Qd2 dxe4 21. f4 d3 22. c3 e3 23. Qb2 d2+ 24. Kd1 e2+ 25. Kxd2 Rbd8+ 26. Ke1 Bb7 27. Rg1 Qb6 28. Rf1 exf1Q+ 29. Kxf1 Ba6+ 30. c4 Bxc4+ 31. Kg2 Re2+ 32. Qxe2 Bxe2 33. Kh3 Bf3 34. g4 Qf2 35. Rg1 Qxg1 36. Kh4 Qxg4# 0-1